[Event "HUN-chT2 Charousek 1415"]
[Site "Hungary"]
[Date "2015.03.22"]
[Round "8"]
[White "Kiraly, Ferenc"]
[Black "Kurics, Laszlo"]
[Result "1/2-1/2"]
[WhiteElo "1786"]
[BlackElo "1990"]
[PlyCount "20"]
[EventDate "2014.10.12"]
[EventType "team-tourn"]
[EventRounds "9"]
[EventCountry "HUN"]
[SourceTitle "EXT 2016"]
[Source "ChessBase"]
[SourceDate "2015.10.08"]
[SourceVersion "1"]
[SourceVersionDate "2015.10.08"]
[SourceQuality "1"]
[WhiteTeam "SZASTE"]
[BlackTeam "Gyor Elektromos"]
[WhiteTeamCountry "HUN"]
[BlackTeamCountry "HUN"]

1. e4 e6 2. Nf3 d5 3. Nc3 dxe4 4. Nxe4 Nd7 5. d4 Ngf6 6. Bd3 Be7 7. c3 b6 8. Qc2 Bb7 9. Be3 0-0 10. 0-0 Rc8 1/2-1/2

[Event "HUN-chT2 Charousek 0910"]
[Site "Hungary"]
[Date "2010.02.28"]
[Round "7"]
[White "Amrein, Roland"]
[Black "Kiraly, Ferenc"]
[Result "1-0"]
[WhiteElo "2242"]
[BlackElo "1964"]
[PlyCount "119"]
[EventDate "2009.11.08"]
[EventType "team-tourn"]
[EventRounds "11"]
[EventCountry "HUN"]
[SourceTitle "EXT 2011"]
[Source "ChessBase"]
[SourceDate "2010.11.26"]
[SourceVersion "1"]
[SourceVersionDate "2010.11.26"]
[SourceQuality "1"]
[WhiteTeam "Pannonpower"]
[BlackTeam "Alsoszolnok"]
[WhiteTeamCountry "HUN"]
[BlackTeamCountry "HUN"]

1. e4 d6 2. d4 Nf6 3. Nc3 g6 4. Nf3 Bg7 5. h3 Nbd7 6. e5 Ng8 7. Ng5 e6 8. Qf3 Nh6 9. exd6 cxd6 10. Nge4 Qb6 11. Nb5 0-0 12. Qa3 Nf5 13. c3 d5 14. Ng5 Nf6 15. Bf4 Bd7 16. Nd6 a6 17. Bd3 Nxd6 18. Bxd6 Rfc8 19. 0-0 Bf8 20. Bxf8 Rxf8 21. Rab1 Bb5 22. Qb3 Qc6 23. Bxb5 axb5 24. a3 Ra4 25. Rbe1 Nd7 26. Nf3 Re8 27. Re2 Ra6 28. Rfe1 Kg7 29. Qd1 f6 30. Qd2 Qd6 31. Qd3 Rb6 32. Re3 Nf8 33. Nd2 Nd7 34. Nf3 Nf8 35. g3 Nd7 36. Kg2 Qc6 37. Kh2 Qc4 38. Qc2 Qc7 39. Qb3 Qc4 40. Qd1 Qc7 41. Kg2 Qd6 42. R1e2 Qc6 43. Kg1 Qc4 44. Nd2 Qc7 45. Qe1 Kf7 46. f4 f5 47. Nf3 h6 48. Rg2 Qd6 49. Qf1 Qc6 50. Qf2 Qc8 51. g4 Qd8 52. Kf1 Rg8 53. Ke1 Qb8 54. Kd1 Qc7 55. gxf5 exf5 56. Qh4 Qd8 57. Qxh6 Rg7 58. Ng5+ Kf6 59. Re6+ Rxe6 60. Qxg7+ 1-0

[Event "HUN-chT2 Charousek 0910"]
[Site "Hungary"]
[Date "2009.11.22"]
[Round "2"]
[White "Monda, Laszlo"]
[Black "Kiraly, Ferenc"]
[Result "1-0"]
[WhiteElo "2137"]
[BlackElo "1964"]
[PlyCount "77"]
[EventDate "2009.11.08"]
[EventType "team-tourn"]
[EventRounds "11"]
[EventCountry "HUN"]
[SourceTitle "EXT 2011"]
[Source "ChessBase"]
[SourceDate "2010.11.26"]
[SourceVersion "1"]
[SourceVersionDate "2010.11.26"]
[SourceQuality "1"]
[WhiteTeam "Tapolca"]
[BlackTeam "Alsoszolnok"]
[WhiteTeamCountry "HUN"]
[BlackTeamCountry "HUN"]

1. d4 Nf6 2. Nf3 c5 3. c3 cxd4 4. cxd4 d5 5. Nc3 Nc6 6. Bf4 Bf5 7. Qb3 Qd7 8. Ne5 Nxe5 9. Bxe5 a6 10. Bxf6 exf6 11. g3 Be6 12. Bg2 Rd8 13. 0-0 f5 14. Rac1 Be7 15. Rc2 0-0 16. Rfc1 b5 17. Nd1 Rc8 18. Rxc8 Rxc8 19. Rxc8+ Qxc8 20. Bxd5 Bxd5 21. Qxd5 Qc2 22. Ne3 Qb1+ 23. Kg2 g6 24. Qe5 Qe4+ 25. Qxe4 fxe4 26. Nd5 Bd8 27. f3 exf3+ 28. Kxf3 f6 29. Ke4 a5 30. Nf4 Kf7 31. Kd5 Bb6 32. e3 b4 33. Ne6 Ke7 34. Kc6 Ba7 35. Nc7 Bb8 36. Kb7 Bxc7 37. Kxc7 Ke6 38. e4 f5 39. d5+ 1-0

[Event "Miercurea Ciuc Banc Post op 12th"]
[Site "Miercurea Ciuc"]
[Date "2009.08.12"]
[Round "5"]
[White "Dicu, Razvan Stefan"]
[Black "Kiraly, Ferenc"]
[Result "1/2-1/2"]
[WhiteElo "2126"]
[BlackElo "1941"]
[PlyCount "28"]
[EventDate "2009.08.09"]
[EventType "swiss"]
[EventRounds "9"]
[EventCountry "ROU"]
[SourceTitle "CBM 131 Extra"]
[Source "ChessBase"]
[SourceDate "2009.09.03"]
[SourceVersion "2"]
[SourceVersionDate "2009.09.16"]
[SourceQuality "1"]

1. e4 e5 2. Nf3 Nc6 3. d4 exd4 4. Bc4 Be7 5. c3 dxc3 6. Qd5 Nh6 7. Bxh6 0-0 8. Nxc3 gxh6 9. Qh5 Bf6 10. Qxh6 Bg7 11. Qh5 h6 12. 0-0-0 Bxc3 13. bxc3 Qf6 14. Kc2 d6 1/2-1/2

[Event "HUN-chT2 Szechenyi 0809"]
[Site "Hungary"]
[Date "2008.10.26"]
[Round "1.8"]
[White "Ori, Tamas"]
[Black "Kiraly, Ferenc"]
[Result "0-1"]
[WhiteElo "1914"]
[BlackElo "2000"]
[PlyCount "66"]
[EventDate "2008.10.26"]
[EventType "team-tourn"]
[EventRounds "11"]
[EventCountry "HUN"]
[SourceTitle "EXT 2010"]
[Source "ChessBase"]
[SourceDate "2010.11.25"]
[SourceVersion "1"]
[SourceVersionDate "2010.11.25"]
[SourceQuality "1"]
[WhiteTeam "Haladas"]
[BlackTeam "Alsoszolnok"]
[WhiteTeamCountry "HUN"]
[BlackTeamCountry "HUN"]

1. e4 e5 2. Nf3 Nc6 3. Bb5 a6 4. Ba4 Nf6 5. 0-0 b5 6. Bb3 Be7 7. Re1 d6 8. c3 Na5 9. Bc2 c5 10. b4 cxb4 11. cxb4 Nc6 12. a3 Bg4 13. Bb2 Qc7 14. d3 Rc8 15. Nbd2 Nxb4 16. axb4 Qxc2 17. Rc1 Qxb2 18. Rxc8+ Bxc8 19. Nb3 0-0 20. Re2 Qc3 21. Na5 Bd7 22. Qb1 Rc8 23. Nb3 Be6 24. Na5 Qc1+ 25. Re1 Qxb1 26. Rxb1 Rc3 27. Ne1 d5 28. f3 Bd8 29. Nb7 Bb6+ 30. Kf1 dxe4 31. fxe4 Nxe4 32. Ke2 Rc7 33. dxe4 Rxb7 0-1

[Event "Miercurea Ciuc Banc Post op 11th"]
[Site "Miercurea Ciuc"]
[Date "2008.08.21"]
[Round "6"]
[White "Suciu, Dinu Simi"]
[Black "Kiraly, Ferenc"]
[Result "1-0"]
[WhiteElo "2189"]
[BlackElo "1924"]
[PlyCount "111"]
[EventDate "2008.08.18"]
[EventType "swiss"]
[EventRounds "9"]
[EventCountry "ROU"]
[SourceTitle "CBM 125 Extra"]
[Source "ChessBase"]
[SourceDate "2008.09.01"]
[SourceVersion "1"]
[SourceVersionDate "2008.09.01"]
[SourceQuality "1"]

1. c4 Nf6 2. Nc3 d5 3. cxd5 Nxd5 4. g3 c6 5. Bg2 Nxc3 6. bxc3 e5 7. Rb1 Qc7 8. d3 Nd7 9. Nf3 Be7 10. 0-0 0-0 11. Be3 Nb6 12. c4 f5 13. a4 Nd7 14. Qc2 Nf6 15. Bd2 h6 16. Bc3 Nd7 17. Nd2 Bf6 18. Rb2 Nc5 19. a5 Be6 20. Rfb1 Rab8 21. Bb4 Be7 22. Nb3 Na4 23. Bxe7 Qxe7 24. Ra2 Nc5 25. Qc3 Nxb3 26. Rxb3 e4 27. Rab2 exd3 28. exd3 Rfc8 29. Qd4 c5 30. Qe3 Rc7 31. Rxb7 Rbxb7 32. Rxb7 Rxb7 33. Bxb7 Qd6 34. f4 Kf7 35. Kf2 Qc7 36. Bd5 Bxd5 37. cxd5 Qxa5 38. Qe6+ Kf8 39. Qxf5+ Kg8 40. d6 Qd2+ 41. Kg1 Qe3+ 42. Kg2 Qe2+ 43. Kh3 Qf1+ 44. Kh4 Qf2 45. Qe6+ Kh7 46. Qe4+ Kg8 47. h3 g5+ 48. Kh5 Qxg3 49. Qe6+ Kg7 50. Qxh6+ Kf7 51. Qg6+ Kf8 52. Qf6+ Kg8 53. Qxg5+ Qxg5+ 54. fxg5 Kf8 55. g6 a5 56. g7+ 1-0

[Event "Miercurea Ciuc Banc Post op 09th"]
[Site "Miercurea Ciuc"]
[Date "2006.08.26"]
[Round "9"]
[White "Kiraly, Ferenc"]
[Black "Kokosi, Daniel"]
[Result "1-0"]
[WhiteElo "2060"]
[BlackElo "1718"]
[PlyCount "67"]
[EventDate "2006.08.19"]
[EventType "swiss"]
[EventRounds "9"]
[EventCountry "ROU"]
[SourceTitle "EXT 2012"]
[Source "ChessBase"]
[SourceDate "2011.11.24"]
[SourceVersion "1"]
[SourceVersionDate "2011.11.24"]
[SourceQuality "1"]

1. e4 e6 2. Nf3 d5 3. Nc3 c5 4. exd5 exd5 5. Bb5+ Nc6 6. Qe2+ Be7 7. Ne5 Qd6 8. d3 Nf6 9. Bf4 Qe6 10. 0-0 0-0 11. Bxc6 bxc6 12. Rfe1 d4 13. Ne4 Nd5 14. Qf3 Nb4 15. Re2 Nxa2 16. Nc4 Nb4 17. Nxc5 Qd5 18. Rxe7 Qxc5 19. Bd6 Qb5 20. Ra5 a6 21. Rxb5 axb5 22. h3 Nd5 23. Ne5 Be6 24. Rxe6 fxe6 25. Bxf8 Rxf8 26. Qg4 Rf5 27. Nxc6 h5 28. Qxd4 Nf4 29. Qe4 Kf7 30. Nd4 Rf6 31. Nxb5 Nd5 32. g3 Rg6 33. Nd6+ Kf6 34. Qh4+ 1-0

[Event "HUN-chT2 Szechenyi 0304"]
[Site "Hungary"]
[Date "2004.03.21"]
[Round "9"]
[White "Hadrik, Csaba"]
[Black "Kiraly, Ferenc"]
[Result "1/2-1/2"]
[WhiteElo "2025"]
[BlackElo "1995"]
[PlyCount "64"]
[EventDate "2003.09.28"]
[EventType "team"]
[EventRounds "11"]
[EventCountry "HUN"]
[SourceTitle "EXT 2009"]
[Source "ChessBase"]
[SourceDate "2008.11.26"]
[SourceVersion "1"]
[SourceVersionDate "2008.11.26"]
[SourceQuality "1"]
[WhiteTeam "Lovo"]
[BlackTeam "Szentgotthard"]
[WhiteTeamCountry "HUN"]
[BlackTeamCountry "HUN"]

1. c4 Nf6 2. Nc3 e5 3. g3 c6 4. Bg2 Bb4 5. Nf3 d6 6. 0-0 0-0 7. d3 h6 8. Bd2 Be6 9. a3 Bxc3 10. Bxc3 Qc7 11. b4 Nbd7 12. Rc1 Rac8 13. Bb2 a5 14. b5 cxb5 15. cxb5 Qb6 16. a4 Rxc1 17. Bxc1 d5 18. Ba3 Rc8 19. Qa1 d4 20. Be7 Nd5 21. Qa3 Rc3 22. Qd6 Qxd6 23. Bxd6 f6 24. Nd2 Rc2 25. Nc4 b6 26. Re1 Nc3 27. Bc6 Nxa4 28. Ra1 Nc3 29. Bxd7 Bxd7 30. Nxb6 Bxb5 31. Rxa5 Nxe2+ 32. Kg2 Bxd3 1/2-1/2